000 00388nam a2200109Ia 4500
008 220214s9999 xx 000 0 und d
100 _aRam H.Y.Mohan
245 0 _aPlant tissue culture: Some applications
260 _bInternational Symposium on Coconut Research and development, 30 December 1976, Central Plantation Crops Research Institute, Kasargod
_c1976
300 _a22p
942 _cRE
999 _c46425
_d46425